Normal view
MARC view
- Knights and knighthood
Entry Topical Term
001 - CONTROL NUMBER
- control field: 98709
003 - CONTROL NUMBER IDENTIFIER
- control field: NUST
005 - DATE AND TIME OF LATEST TRANSACTION
- control field: 20220831095108.0
008 - FIXED-LENGTH DATA ELEMENTS
- fixed length control field: 220831|| aca||aabn | a|a d
040 ## - CATALOGING SOURCE
- Original cataloging agency: NUST
- Transcribing agency: NUST
150 ## - HEADING--TOPICAL TERM
- Topical term or geographic name entry element: Knights and knighthood
- Geographic subdivision: Great Britain
- Form subdivision: Fiction
670 ## - SOURCE DATA FOUND
- Source citation: Work cat.: (NUST)173299: Chadwick, Elizabeth, 1957- 11895, The greatest knight :, 2009.
